01687nam a2200325 u 4500001001000000003000900010005001700019008003500036040002500071082003000096100004100126245016800167260004400335300002000379500004200399500002100441504003000462505038100492590002600873650004000899650004600939650004900985651004901034651005301083700002901136910004001165942001201205952012701217999001701344000002325DO-SdBNP20231023131616.0090701s1978 dr a 000 0 spa d aDO-SdBNPbspacBNPHU 4a332.97293bC232a 19782221 aCanto del Giudice, Víctor Antonio 10aApuntaciones sobre inflación y política económica en República Dominicana /cVíctor Antonio Canto del Giúdice ; presentación Freddy Prestol Castillo. aSanto Domingo :bEditora Taller,c1978. a65 p. ;c22 cm. aIncluye datos biográficos del autor aIncluye índice aBibliografía : p. 61-62 0aPresentación 7 -- Prefacio 9 -- Política Fiscal y El Nivel de actividad Económica 11 -- Análisis Empírico de los Efectos de la Política Fiscal 21 -- Efectos de la Política Monetaria 27 -- Análisis Empírico sobre Los Efectos de la Política Monetaria 39 -- La Política Económica Dominicana: Una Evaluación 53 -- Bibliografía 61 -- Curriculum Vitae 63 aInventariado, 2023/VM 4aInflaciónzRepública Dominicana 4aPolítica fiscalzRepública Dominicana 4aPolítica monetariazRepública Dominicana 4aRepública DominicanaxPolitica Económica 4aRepública DominicanaxCondiciones Económicas1 aPrestol Castillo, Freddy aVMateo V. Control de calidad. BPMSU 2ddccBK 00102ddc40708CDaBPMETbBPMETd2023-10-23l0oBPMSU CD 332.97293 C232a 1978pBPMSU23100032r2023-10-23w2023-10-23yBK c14482d14482